BIBLIOTHÈQUE DE LA MAISON DU MEXIQUE

Logo 1 Logo 2

Proceso de trabajo, división del trabajo y nuevas formas de organización del trabajo (notice nᵒ 1707)

détails MARC
000 -Sello discográfico
campo de control de longitud fija 01076nam a2200325 4500
005 - Identificación de versión
campo de control 20251016083055.0
010 ## - Número Estándar Internacional de Libros (ISBN)
Número (ISBN) 968-813-124-5
035 ## - Otros números de control del sistema
Número de control del sistema 15947
099 ## - fechas locales
Tipo de ítem Koha LIBRO
100 ## - Datos de procesamiento general
Datos de procesamiento general 19970530d1982 m y1spay5003 ba
105 ## - Campo de datos codificados: Material textual, monográfico
Datos codificados de monografía y 001zy
200 1# - Título y mención de responsabilidad
Título propio Proceso de trabajo, división del trabajo y nuevas formas de organización del trabajo
Designación general del material texto impreso
Primer mención de responsabilidad Julio César Neffa
205 ## - Declaración de edición
Declaración de edición 1a ed
210 ## - Publicación, distribución, etc.
Lugar de publicación, distribución, etc. México
Nombre del editor, distribuidor, etc. Secretaría del Trabajo y Previsión Social
-- Instituto Nacional de Estudios del Trabajo
Fecha de publicación, distribución, etc. 1982
215 ## - Descripción física
Designación de material específico y extensión del ítem 244 p
Dimensiones 23 cm
345 ## - Nota de información de adquisición
Fuente de adquisición/dirección de la suscripción [OBSOLETO] Donación
410 #1 - Series
Título Cuadernos INET
Número de volumen 20
606 ## - Término temático usado como materia
Elemento de entrada División del trabajo
Número Koha 4236
606 ## - Término temático usado como materia
Elemento de entrada Medio ambiente de trabajo
Número Koha 4237
606 ## - Término temático usado como materia
Elemento de entrada Organización industrial
Número Koha 4238
660 ## - Código de área geográfica
Código MX
700 ## - Nombre personal - Responsabilidad primaria
Elemento de entrada Neffa
Parte del nombre distinta del elemento de entrada Julio César
Número Koha 3115
801 #0 - Fuente de origen
Agencia cm
900 ## -
-- 1/14125
900 ## -
-- 710973608\\300597
942 ## - ELEMENTOS DE ENTRADA SECUNDARIOS (KOHA)
Tipo de ítem Koha Livre
996 ## -
-- MEX
-- 751145101
-- MMAG
-- 002877
-- 331.1 N38P
-- 20191016LIV
Exemplaires
Estatus retirado Estado de daño Estado de pérdida Fecha de adquisición Biblioteca de origen Biblioteca actual Ubicación en estantería Código de barras Precio de reemplazo Signatura topográfica completa No para préstamo Tipo de ítem Koha Nota pública Nota no pública
      05/08/2025 Casa México Paris Casa México Paris   002877 05/08/2025 331.1 N38P   Livre 20191016LIV 751145101